|
|
|
|
| LEADER |
00000cac a2200000 i 4500 |
| 003 |
Ucuenca |
| 005 |
20230308210931.0 |
| 006 |
a||||gr|||| 001 e |
| 007 |
ta |
| 008 |
955040s1954 mx gr|||| 001|e|spa a |
| 040 |
|
|
|b spa
|a UCuenca-cdrjbv
|c UCuenca
|e rda
|
| 041 |
1 |
|
|a spa
|h eng
|
| 082 |
0 |
|
|2 21
|a 290
|c 50470-97
|
| 100 |
1 |
|
|9 270005
|a Frankfort, Henri Hans.
|e autor
|
| 240 |
1 |
|
|a The Intellectual Adventure of Ancient Man.
|l (English)
|
| 245 |
1 |
3 |
|a El pensamiento prefilosófico:
|b Egipto y Mesopotamia.
|n Tomo 1 /
|c H. A. Frankfort, J. A. Wilson y T. Jacobsen.
|
| 250 |
|
|
|a Primera edición.
|
| 264 |
|
1 |
|a México:
|b Fondo de Cultura Económica,
|c 1954.
|
| 300 |
|
|
|a 286 páginas:
|c 17 cm
|
| 336 |
|
|
|2 rdacontent
|a texto
|b txt
|
| 337 |
|
|
|2 rdamedia
|a no mediado
|b n
|
| 338 |
|
|
|2 rdacarrier
|a volumen
|b nc
|
| 490 |
0 |
|
|a Breviarios,
|v no. 97
|
| 650 |
1 |
7 |
|2 UCuenca-cdrjbv
|9 1164
|a Religión
|
| 650 |
1 |
7 |
|2 UCuenca-cdrjbv
|9 9035
|a Civilización
|
| 651 |
|
|
|2 UCuenca-cdrjbv
|
| 700 |
1 |
|
|a Wilson, John Albert.
|9 269976
|d 1899-1976
|e autor
|
| 700 |
1 |
|
|a Jacobsen, Thorkild.
|9 270006
|d 1904-1993
|e autor
|
| 852 |
|
|
|a UC-CDJBV
|f Compra
|l 1
|m General
|p 19550404
|q 31,00
|r 2
|t 50470-97
|b 0
|d CDRC
|e CDRC
|g 900 TERCER PISO
|z 1955-50-40
|
| 942 |
|
|
|2 ddc
|c CR
|r ivan.verdugo@ucuenca.edu.ec
|
| 999 |
|
|
|c 117043
|d 117043
|